Medium and high speed diesel engines for marine use (Record no. 12098)

000 -LEADER
fixed length control field 00547nam a2200193 4500
001 - CONTROL NUMBER
control field 12098
003 - CONTROL NUMBER IDENTIFIER
control field BD-DhUET
008 - FIXED-LENGTH DATA ELEMENTS--GENERAL INFORMATION
fixed length control field 730523s1972 enka b 001 0 eng
020 ## - INTERNATIONAL STANDARD BOOK NUMBER
International Standard Book Number 0900976012
040 ## - CATALOGING SOURCE
Original cataloging agency DLC
Transcribing agency DLC
Modifying agency BD-DhUET
082 00 - DEWEY DECIMAL CLASSIFICATION NUMBER
Classification number 626.87236
Item number HEN/1972
100 ## - MAIN ENTRY--PERSONAL NAME
Personal name Henshall, S. H.
245 10 - TITLE STATEMENT
Title Medium and high speed diesel engines for marine use
250 ## - EDITION STATEMENT
Edition statement 1st ed.
260 ## - PUBLICATION, DISTRIBUTION, ETC. (IMPRINT)
Place of publication, distribution, etc. London
Name of publisher, distributor, etc. Institute of Marine Engineers
Date of publication, distribution, etc. 1972
300 ## - PHYSICAL DESCRIPTION
Extent viii, 411 p.
Other physical details illus.
Dimensions 23 cm.
650 #0 - SUBJECT ADDED ENTRY--TOPICAL TERM
Topical term or geographic name as entry element Diesel engines: Marine engineering
942 ## - ADDED ENTRY ELEMENTS (KOHA)
Koha item type General Book
Holdings
Date acquired Price effective from Koha full call number Not for loan Koha date last borrowed Location (home branch) Piece designation (barcode) Koha item type Damaged status Koha date last seen Withdrawn status Source of classification or shelving scheme Sublocation or collection (holding branch) Shelving location Copy number Lost status Koha issues (times borrowed) Koha normalized classification for sorting
2015-02-232015-02-23626.87236/HEN/1972 2024-11-18Central Library, BUET53230General Book 2024-11-27  Central Library, BUETCirculation section1 2626_872360000000000_HEN_1972
2015-05-102015-05-10626.87236/HEN/1972 2018-07-30Central Library, BUET41039General Book 2018-08-27  Central Library, BUETCirculation section2 1626_872360000000000_HEN_1972
2015-06-212015-06-21626.87236/HEN/1972  Central Library, BUET53229General Book 2015-06-21  Central Library, BUETReading section3  626_872360000000000_HEN_1972